FIFA 21 ICONS - Statistics

General Stats
  • This quiz has been taken 5,295 times
    5,250 since last reset
  • The average score is 54 of 101
Answer Stats
Ratings Nationality Position Icon % Correct
98, 95, 91 Brazil CF Pelé
99%
97, 95, 91 Argentina CAM Diego Maradona
98%
96, 94, 90 Brazil ST Ronaldo
97%
96, 94, 91 France CAM Zinedine Zidane
96%
94, 92, 88 Italy CB Paolo Maldini
91%
94, 91, 89 Brazil LW Ronaldinho
90%
94, 92, 89 Hungary CF Ferenc Puskás
89%
94, 91, 89 Russia GK Lev Yashin
87%
93, 91, 89 Portugal CF Eusébio
84%
94, 91, 89 Holland CF Johan Cruyff
82%
93, 90, 88 Spain CM Xavi
80%
93, 90, 87 France LW Thierry Henry
79%
94, 92, 90 Brazil RW Garrincha
78%
93, 90, 88 Northern Ireland RW George Best
77%
93, 90, 86 Holland CM Ruud Gullit
75%
92, 90, 88 Portugal RW Luís Figo
74%
93, 90, 87 Brazil RB Carlos Alberto Torres
72%
93, 91, 89 Holland ST Marco van Basten
72%
92, 90, 87 Cameroon ST Samuel Eto'o
72%
93, 91, 89 Italy CAM Roberto Baggio
70%
92, 90, 88 Italy CM Andrea Pirlo
68%
91, 89, 87 Ivory Coast ST Didier Drogba
65%
92, 90, 87 Brazil LW Rivaldo
65%
92, 90, 86 Spain CB Carles Puyol
64%
93, 91, 88 Italy CB Franco Baresi
64%
92, 90, 88 Italy CB Alessandro Nesta
63%
92, 89, 87 Italy CB Fabio Cannavaro
63%
92, 89, 87 Wales LM Ryan Giggs
63%
92, 90, 87 Italy CF Alessandro Del Piero
60%
91, 89, 87 Holland GK Edwin van der Sar
60%
93, 91, 88 Germany CM Lothar Matthäus
60%
91, 88, 86 Brazil LB Roberto Carlos
60%
90, 88, 86 England CM Frank Lampard
59%
92, 90, 87 Scotland ST Kenny Dalglish
59%
91, 89, 87 Germany RB Philipp Lahm
59%
91, 89, 86 England CM Steven Gerrard
59%
92, 88, 87 Argentina RB Javier Zanetti
58%
92, 90, 86 Denmark GK Peter Schmeichel
58%
92, 89, 87 England CB Bobby Moore
57%
93, 90, 88 France CF Eric Cantona
57%
91, 88, 85 Spain ST Fernando Torres
55%
91, 89, 87 Wales ST Ian Rush
55%
92, 90, 87 Bulgaria ST Hristo Stoichkov
53%
91, 89, 87 Germany ST Miroslav Klose
53%
91, 88, 86 Czech Republic GK Petr Čech
53%
90, 88, 85 England CB Rio Ferdinand
53%
92, 89, 87 Mexico ST Hugo Sánchez
52%
92, 88, 86 Spain CF Raúl
52%
91, 89, 85 Romania CAM Gheorghe Hagi
51%
91, 89, 87 Brazil CAM Kaká
51%
91, 89, 86 Czech Republic LM Pavel Nedvěd
51%
91, 89, 86 Spain CB Fernando Hierro
50%
92, 90, 87 Spain ST Emilio Butragueño
49%
91, 89, 86 Germany CM Michael Ballack
49%
91, 89, 87 England CM Paul Scholes
49%
90, 87, 85 Mexico ST Luis Hernández
48%
92, 90, 87 Holland CF Dennis Bergkamp
47%
90, 88, 85 Serbia CB Nemanja Vidić
47%
90, 88, 86 Ireland CM Roy Keane
47%
89, 87, 85 England LB Ashley Cole
46%
88, 86, 85 Japan CAM Hidetoshi Nakata
46%
91, 89, 87 England ST Alan Shearer
45%
92, 89, 87 England ST Gary Lineker
45%
91, 89, 85 Denmark CAM Michael Laudrup
45%
91, 88, 86 England ST Michael Owen
45%
91, 89, 87 Brazil CAM Sócrates
45%
91, 88, 86 Ukraine ST Andriy Shevchenko
44%
91, 89, 87 Argentina CAM Juan Román Riquelme
43%
91, 89, 85 France CB Laurent Blanc
43%
90, 88, 86 Argentina CM Juan Sebastián Verón
42%
91, 88, 87 France CB Marcel Desailly
42%
90, 87, 85 Ghana CDM Michael Essien
42%
92, 90, 86 Holland ST Ruud Van Nistelrooy
42%
90, 87, 85 Nigeria RM Jay-Jay Okocha
41%
91, 89, 86 France ST David Trezeguet
40%
91, 88, 85 France LM Robert Pirès
40%
90, 88, 85 Portugal CAM Rui Costa
40%
90, 87, 85 Croatia ST Davor Šuker
38%
90, 87, 85 Portugal CAM Deco
38%
89, 87, 85 Italy CDM Gennaro Gattuso
38%
91, 88, 85 Holland CB Ronald Koeman
38%
90, 87, 85 France CDM Claude Makélélé
37%
90, 87, 86 Sweden ST Henrik Larsson
37%
89, 87, 85 England CB Sol Campbell
37%
90, 87, 85 Argentina ST Hernán Crespo
36%
90, 88, 85 Finland CAM Jari Litmanen
36%
91, 88, 86 Holland ST Patrick Kluivert
36%
91, 89, 87 Germany CM Bastian Schweinsteiger
35%
90, 88, 85 France CDM Emmanuel Petit
35%
89, 87, 86 Italy RB Gianluca Zambrotta
35%
90, 87, 85 Italy CF Gianfranco Zola
34%
91, 88, 86 France CM Patrick Vieira
34%
90, 88, 86 Italy ST Christian Vieri
33%
90, 87, 85 Italy ST Filippo Inzaghi
33%
89, 87, 86 England LW John Barnes
32%
90, 88, 86 Holland CDM Frank Rijkaard
31%
89, 87, 85 England ST Ian Wright
31%
90, 87, 85 Spain CDM Pep Guardiola
31%
90, 88, 86 Holland LM Marc Overmars
30%
91, 88, 85 Holland CAM Clarence Seedorf
26%
90, 88, 85 Germany GK Jens Lehmann
26%
No matching quizzes found
Score Distribution
Percent of People with Each Score
Percentile by Number Answered
Your Score History
You have not taken this quiz since the last reset